Judicial reflections of justice Bhagwati / (Record no. 19254)

MARC details
000 -LEADER
fixed length control field 01151 a2200289 4500
005 - DATE AND TIME OF LATEST TRANSACTION
control field 20081013150556.0
008 - FIXED-LENGTH DATA ELEMENTS--GENERAL INFORMATION
fixed length control field 081013t xxu||||| |||| 00| 0 eng d
010 ## - LCCN (DPL NO)
LC control number ENG-91888
020 ## - INTERNATIONAL STANDARD BOOK NUMBER
Terms of availability 1100.00
International Standard Book Number 9788171772117
035 ## - SYSTEM CONTROL NUMBER
System control number EN-75421
037 ## - SOURCE OF ACQUISITION
Source of stock number/acquisition DBAD / PUB
040 ## - CATALOGING SOURCE
Original cataloging agency dpl
Language of cataloging English
082 ## - DEWEY DECIMAL CLASSIFICATION NUMBER
Classification number 347.54014092
100 ## - MAIN ENTRY--PERSONAL NAME
Personal name Choudhury, Ram Kishore
245 ## - TITLE STATEMENT
Title Judicial reflections of justice Bhagwati /
Statement of responsibility, etc by Ram Kishore Choudhury [and] Tapash Gan Choudhury; foreword by Lord Woolf; Michael kirby
260 ## - PUBLICATION, DISTRIBUTION, ETC. (IMPRINT)
Place of publication, distribution, etc Kolkata
Name of publisher, distributor, etc Eastern Law House
Date of publication, distribution, etc 2008
270 ## - ADDRESS
Address 54 Ganesh Chunder Avenue
City Kolkata
Postal code 700013
300 ## - PHYSICAL DESCRIPTION
Extent xlvi, 406p.
Dimensions 25 cm (Hb.)
500 ## - GENERAL NOTE
General note Includes index
600 ## - SUBJECT ADDED ENTRY--PERSONAL NAME
Personal name Bhagwati, P.N. (Prafulla Chandra Natwarlal), 1921-
650 ## - SUBJECT ADDED ENTRY--TOPICAL TERM
Topical term or geographic name as entry element Law
Geographic subdivision India
Form subdivision Cases.
650 ## - SUBJECT ADDED ENTRY--TOPICAL TERM
Topical term or geographic name as entry element Judicial opinions
Geographic subdivision India
650 ## - SUBJECT ADDED ENTRY--TOPICAL TERM
Topical term or geographic name as entry element Judges
Geographic subdivision India
700 ## - ADDED ENTRY--PERSONAL NAME
Personal name Choudhury, Tapash Gan
942 ## - ADDED ENTRY ELEMENTS (KOHA)
Institution code [OBSOLETE] dpl
Item type English Books
Source of classification or shelving scheme Dewey Decimal Classification
Call number suffix CHO
Classification part 347.54014092
Holdings
Withdrawn status Lost status Source of classification or shelving scheme Damaged status Not for loan Collection code Home library Current library Date acquired Source of acquisition Cost, normal purchase price Total Checkouts Full call number Barcode Date last seen Copy number Cost, replacement price Koha item type
    Dewey Decimal Classification   Not For Loan Non-fiction D.B.Act.Division D.B.Act.Division 01/12/2008 DBAD / PUB 1100.00   347.54014092 CHO EN-75421 27/11/2008 1 1100.00 English Books

© Delhi Public Library
Hit Counter
free hit counter